00412nam a2200145Ia 45000010005000000080041000050200022000460820020000681000018000882450074001062600037001805900007002179010027002249990015002513027241024s9999 xx 000 0 und d a978-1-59782-149-0 aRD/370.24/B321d a[*SIN AUTOR*] 0aDesconectados : Habilidades, educación y empleo en América Latina bFondo Cultural Económicac2012 asi a22/7/2013 3:05:59 p.m. c9257d9257